Los nuevos principios de diseño organizacional (Registro nro. 28877)

Detalles MARC
000 -LEADER
fixed length control field 00325 a2200109 4500
001 - CONTROL NUMBER
control field ART_24827
005 - DATE AND TIME OF LATEST TRANSACTION
control field 20260410161934.0
008 - FIXED-LENGTH DATA ELEMENTS--GENERAL INFORMATION
fixed length control field 260409a
100 1# - MAIN ENTRY--PERSONAL NAME
Personal name Drucker, Peter Ferdinand
245 10 - TITLE STATEMENT
Title Los nuevos principios de diseño organizacional
773 0# - HOST ITEM ENTRY
Title Gestión
Related parts - Nº 6 (abr./mayo 1974)
Record control number REV24740

No hay ítems disponibles.